| 000 | 01204cam a22003014a 4500 | ||
|---|---|---|---|
| 001 | 12115067 | ||
| 003 | OSt | ||
| 005 | 20231208090904.0 | ||
| 008 | 000721s2001 nyua b 001 0 eng | ||
| 010 | _a 00059587 | ||
| 020 | _a0387951199 (alk. paper) | ||
| 040 |
_aDLC _cDLC _dDLC |
||
| 042 | _apcc | ||
| 050 | 0 | 0 |
_aQC174.8 _b.S35 2001 |
| 082 | 0 | 0 |
_a530 SAL 2000 _221 |
| 100 | 1 |
_aSalinas, Silvio R. A. _98405 |
|
| 245 | 1 | 0 | _aIntroduction to Statistical Physics |
| 260 |
_aNew York : _bSpringer, _c2000. |
||
| 300 |
_axii, 377 p. : _bill. ; _c24 cm. |
||
| 440 | 0 |
_aGraduate texts in contemporary physics _98406 |
|
| 504 | _aIncludes bibliographical references (p. [371]-374) and index. | ||
| 650 | 0 |
_aStatistical physics. _98058 |
|
| 856 | 4 | 2 |
_3Publisher description _uhttp://www.loc.gov/catdir/enhancements/fy0816/00059587-d.html |
| 856 | 4 | 1 |
_3Table of contents only _uhttp://www.loc.gov/catdir/enhancements/fy0816/00059587-t.html |
| 906 |
_a7 _bcbc _corignew _d1 _eocip _f20 _gy-gencatlg |
||
| 942 |
_2ddc _cSLOAN |
||
| 999 |
_c3832 _d3832 |
||